000 00387nam a2200133 4500
999 _c510312
_d510312
008 190811b ||||| |||| 00| 0 eng d
100 _aThelen, Kathleen
_98081
245 _aTransitions to the knowledge economy in Germany, Sweden and the Netherlands
260 _c2019
300 _ap.295-315.
773 _aComparative Politics
906 _aKnowledge management
942 _2ddc
_cAR